<?xml version="1.0" encoding="UTF-8"?>
<collection xmlns="http://www.loc.gov/MARC21/slim">
<record>
  <controlfield tag="001">295397</controlfield>
  <controlfield tag="005">20240928180842.0</controlfield>
  <datafield tag="035" ind1=" " ind2=" ">
    <subfield code="a">G:(GEPRIS)318597097</subfield>
  </datafield>
  <datafield tag="024" ind1="7" ind2=" ">
    <subfield code="a">G:(GEPRIS)318597097</subfield>
    <subfield code="d">318597097</subfield>
  </datafield>
  <datafield tag="040" ind1=" " ind2=" ">
    <subfield code="a">GEPRIS</subfield>
    <subfield code="c">http://gepris.its.kfa-juelich.de</subfield>
  </datafield>
  <datafield tag="150" ind1=" " ind2=" ">
    <subfield code="a">Topologische Materie, Anyonen und Vielteilchenverschränkung</subfield>
    <subfield code="y">2016 - 2020</subfield>
  </datafield>
  <datafield tag="371" ind1=" " ind2=" ">
    <subfield code="a">Professorin Dr. Belén Paredes</subfield>
  </datafield>
  <datafield tag="450" ind1=" " ind2=" ">
    <subfield code="a">DFG project G:(GEPRIS)318597097</subfield>
    <subfield code="w">d</subfield>
    <subfield code="y">2016 - 2020</subfield>
  </datafield>
  <datafield tag="510" ind1="1" ind2=" ">
    <subfield code="a">Deutsche Forschungsgemeinschaft</subfield>
    <subfield code="0">I:(DE-588b)2007744-0</subfield>
    <subfield code="b">DFG</subfield>
  </datafield>
  <datafield tag="550" ind1=" " ind2=" ">
    <subfield code="0">G:(GEPRIS)277974659</subfield>
    <subfield code="a">FOR 2414: Artificial Gauge Fields and Interacting Topological Phases in Ultracold Atoms</subfield>
    <subfield code="w">t</subfield>
  </datafield>
  <datafield tag="680" ind1=" " ind2=" ">
    <subfield code="a">Topologische Zustände sind eine exotische Form von Quantenmaterie, die sich nicht durch die traditionellen Paradigmen der kondensierten Materie erfassen lassen. In diesen Zuständen organisieren sich Teilchen nach einem verborgenen, globalen Muster, das nicht mit einem Symmetriebruch assoziiert ist, sich aber in der Existenz von topologischen Quasiteilchen mit exotischer Statistik manifestiert. Wir haben bisher kein vollständiges Verständnis davon, wie sich topologische Ordnung aus den mikroskopischen Freiheitsgraden eines quantenmechanischen Vielteilchensystems ergibt. Ein besonders interessanter Aspekt ist die mögliche Existenz von nicht-abelschen topologischen Phasen, deren Anregungen nicht-abelsche Braiding-Eigenschaften haben, die für Anwendungen in der Quanteninformation relevant werden können. Das Ziel dieses Projektes ist die Untersuchung der physikalischen Mechanismen, die zu topologischen Phasen führen, woraus sich sowohl ein verbessertes theoretisches Verständnis als auch Prinzipien für die Realisierung dieser topologischen Zustände in physikalischen Systemen ergeben werden. Unser Zugang wird auf den jüngsten spektakulären Entwicklungen mit ultrakalten Atomgasen aufbauen, um realistische und experimentell realisierbare Vorschläge für Modelle entwickeln zu können. Unser Projekt organisiert sich in drei Unterpunkten: (i) die Identifikation neuartiger physikalischer Mechanismen für die Erzeugung topologischer Zustände, (ii) die Entwicklung und Untersuchung von theoretischen Modellen, die diese Zustände hervorbringen können und (iii) die Entwicklung theoretischer Methoden, um mit ultrakalten Atomgasen topologische Phasen zu realisieren und deren Quasiteilchen, die exotische Braiding-Statistik besitzen, zu manipulieren. Unser Hauptaugenmerk wird verschiedenen Fällen von nicht-abelscher Materie und nicht-abelschen Anyonen gelten, wie zum Beispiel nicht-abelschen Chern-Isolatoren, Pfaffian-artigen Zuständen und Parafermionen. Darüber hinaus werden wir topologische Isolatoren und Suprafluide in neuartigen Symmetrieklassen untersuchen und studieren, wie sich daraus physikalische Zugänge ergeben, um Riemann's Hypothese zu belegen. Wir erwarten, dass die Kombination von analytischen theoretischen Zugängen und Modellen, die sich aus diesem Forschungs-programm ergeben werden, unser theoretisches Verständnis von topologischer Ordnung verbessern und damit einen Weg für die Kontrolle von Quantenmaterie begründen wird, der potentielle Relevanz für Quanteninformations-anwendungen haben kann.</subfield>
  </datafield>
  <datafield tag="909" ind1="C" ind2="O">
    <subfield code="o">oai:juser.fz-juelich.de:962140</subfield>
    <subfield code="p">authority:GRANT</subfield>
    <subfield code="p">authority</subfield>
  </datafield>
  <datafield tag="980" ind1=" " ind2=" ">
    <subfield code="a">G</subfield>
  </datafield>
  <datafield tag="980" ind1=" " ind2=" ">
    <subfield code="a">AUTHORITY</subfield>
  </datafield>
  <datafield tag="909" ind1="C" ind2="O">
    <subfield code="o">oai:juser.fz-juelich.de:962140</subfield>
  </datafield>
</record>
</collection>